000 00574cam a2200193 4500500
005 20260329003211.0
041 _afre
042 _adc
100 1 0 _aN’Diaye, Aïda
_eauthor
245 0 0 _aRien n’est fini, tout commence
260 _c2015.
500 _a68
690 _aPolitique
690 _aRaoul Vaneigem
690 _aRévolte
690 _aSituationnisme
786 0 _nPhilosophie magazine | 86 | 2 | 2015-02-01 | p. 63-63 | 1951-1787
856 4 1 _uhttps://shs.cairn.info/magazine-philosophie-magazine-2015-2-page-63?lang=fr&redirect-ssocas=7080
999 _c1822313
_d1822313